000 00572nam a2200181 i 4500
001 84790
003 ES-MaACL
005 20230906175115.0
007 t|
008 041124s1907 sp ||||1| spa d
100 1 _aJiménez Ruiz, Manuel.
_966609
245 1 0 _aAteneo y sociedad de excursiones de Sevilla
_b: memoria del curso de 1906 a 1907 /
_cpor Manuel Jiménez Ruiz.
260 _aSevilla :
_b[s.n.,
_c1907] (
_fA. Saavedra)
300 _av.
610 2 4 _aAteneo de Sevilla-
_vMemorias.
_92030
710 2 _aAteneo de Sevilla.
_92028
852 _aES-MaACL
_jT-1157-F-7
999 _c84790
_d84790